000 01562nam a2200229Ia 4500
003 Ost
005 20260507075414.0
008 260507s9999||||xx |||||||||||||| ||und||
040 _cfsecg
041 _aara
082 _a330
100 _aالطيطي، خضر مصباح
_eمؤلف
245 0 _aإدارة تكنولوجيا المعلومات /
_c خضر مصباح الطيطي
260 _aعمان:
_bدار الحامد للنشر والتوزيع,
_c2012
300 _a360 صفحة؛
_bإيضاحات ؛
_c24 سم
520 _aإدارة المؤسسات الرقمية -تكنولوجيا الانترنت -إدارة الاعمال والتجارة الالكترونية -الوظائف الادارية واساسيات ادارة المشاريع -ادارة التغيير -ادراة الجودة -استخدام تقنية المعرفة في تحسين ادارة التغيير -التعليم الالكتروني -التسويق عبر الانترنت -ادارة سلسلة الامداد -ادارة العلاقة مع الزبون الكترونيا -ادارة انظمة امن الحاسوب -المسائل القانونية والاخلاقية في الاعمال الدولية والالكترونية -القانون الدولي للتجارة الالكترونية
653 _aالإدارة العلمية
653 _aتقنيات الإدارة - تكنولوجيا
653 _aتكنولوجيا المعلومات
700 _aياغي، احسان محمد
_eمؤلف ثانوي
942 _cكتاب
999 _c44437
_d44437